Deutsche Politiker der 1970er Jahre - Statistiken

Allgemein
  • Dieses Quiz wurde 306 mal gespielt
  • Das Durchschnittsergebnis liegt bei 7 aus 16
Antwortstatistiken
Bildquiz Antwort % Korrekt
Helmut Schmidt
100%
Erich Honecker
85%
Walter Scheel
84%
Hans-Dietrich Genscher
83%
Hans-Jochen Vogel
63%
Egon Bahr
56%
Karl Carstens
54%
Annemarie Renger
47%
Hans Apel
31%
Erich Mielke
29%
Georg Leber
22%
Erhard Eppler
10%
Josef Ertl
10%
Horst Sindermann
6%
Egon Franke
3%
Ernst Benda
3%
Keine übereinstimmenden Quizze gefunden
Verteilung der Resultate
Anzahl Personen mit jedem Resultat
Perzentil nach korrekt beantworteten Fragen
Ihre Resultats-Entwicklung
Sie haben dieses Quiz noch nicht gespielt